|
|
|
|
| LEADER |
01185nam a22002537a 4500 |
| 001 |
38538 |
| 003 |
BD-DhAAL |
| 008 |
220511t2002 ii ||||| |||| 00| f ben d |
| 999 |
|
|
|c 44159
|d 44159
|
| 020 |
|
|
|a 8177561774
|
| 020 |
|
|
|a 9788177561777
|
| 040 |
|
|
|a BD-DhAAL
|c BD-DhAAL
|
| 041 |
|
|
|a ben
|
| 082 |
|
|
|a 891.443
|
| 100 |
|
|
|a মজুমদার, কমলকুমার
|9 48328
|
| 245 |
|
|
|a উপন্যাস সমগ্র /
|c কমলকুমার মজুমদার ; ভূমিকা সুনীল গঙ্গোপাধ্যায়
|
| 260 |
|
|
|a কলকাতা :
|b আনন্দ পাবলিশার্স,
|c ২০০২.
|
| 300 |
|
|
|a ৫২৭ পৃষ্ঠা ;
|c ২৫ সে.মি.
|
| 541 |
|
|
|a Donated By Akbar Ali Khan
|e 38538
|
| 650 |
|
|
|a Bengali fiction.
|9 48329
|
| 700 |
|
|
|a গঙ্গোপাধ্যায়, সুনীল
|9 48330
|
| 852 |
|
|
|a Ayesha Abed Library
|c Akbar Ali Khan Collection
|
| 942 |
|
|
|2 ddc
|c BK
|
| 952 |
|
|
|0 0
|1 0
|2 ddc
|4 0
|6 891_443000000000000_MAJ
|7 1
|9 70595
|a BRACUL
|b BRACUL
|c AAKC
|d 2022-05-12
|e Donated by Akbar Ali Khan
|l 0
|o 891.443 MAJ
|p 3010038538
|r 2022-05-12
|t 1
|w 2022-05-12
|y BK
|